LEADERSHIP SKILLS AND TEAM BULIDING (Record no. 33871)

MARC details
000 -LEADER
fixed length control field 00323nam a22001337a 4500
003 - CONTROL NUMBER IDENTIFIER
control field SGT
020 ## - INTERNATIONAL STANDARD BOOK NUMBER
International Standard Book Number 9788179104323
082 ## - DEWEY DECIMAL CLASSIFICATION NUMBER
Classification number 658.4092,KAU
100 ## - MAIN ENTRY--PERSONAL NAME
Personal name KAUSHIK UPENDRA
245 ## - TITLE STATEMENT
Title LEADERSHIP SKILLS AND TEAM BULIDING
260 ## - PUBLICATION, DISTRIBUTION, ETC. (IMPRINT)
Place of publication, distribution, etc JAIPUR
Name of publisher, distributor, etc AAVISHKAR PUBLISHERS DISTRIBUTORS
Year of Publication 2019
300 ## - PAGE DESCRIPTION
No. of Pages 149
942 ## - ADDED ENTRY ELEMENTS (KOHA)
Source of classification or shelving scheme Dewey Decimal Classification
Koha item type Books
Holdings
Withdrawn status Lost status Source of classification or shelving scheme Damaged status Use restrictions Not for loan Collection code Home library Current library Shelving location Date acquired Vendor Name Cost, normal purchase price SGTU Bill Number Full call number Accession No. (Barcode) Date last seen Bill Date Koha item type Total Checkouts
    Dewey Decimal Classification   Restricted Access Not For Loan EDUCATION SGT Engineering Library SGT Engineering Library Reference Book 03/02/2026 BRIJWASI BOOK DISTRIBUTORS 595.00 SGTU IN/BW/000381 658.4092,KAU ED5526 03/02/2026 20/12/2025 Books  
    Dewey Decimal Classification       EDUCATION SGT Engineering Library SGT Engineering Library Text Book 03/02/2026 BRIJWASI BOOK DISTRIBUTORS 595.00 SGTU IN/BW/000381 658.4092,KAU ED5527 03/02/2026 20/12/2025 Books  
    Dewey Decimal Classification       EDUCATION SGT Engineering Library SGT Engineering Library Text Book 03/02/2026 BRIJWASI BOOK DISTRIBUTORS 595.00 SGTU IN/BW/000381 658.4092,KAU ED5528 03/02/2026 20/12/2025 Books